Juice Fasting & Detoxification (Record no. 34977)
[ view plain ]
| 000 -LEADER | |
|---|---|
| fixed length control field | 00373nam a2200157 4500 |
| 003 - CONTROL NUMBER IDENTIFIER | |
| control field | SGT |
| 020 ## - INTERNATIONAL STANDARD BOOK NUMBER | |
| International Standard Book Number | 9781878736659 |
| 082 ## - DEWEY DECIMAL CLASSIFICATION NUMBER | |
| Classification number | 613.26 |
| Item number | J99M |
| 100 ## - MAIN ENTRY--PERSONAL NAME | |
| Personal name | Meyerowitz, Steve |
| 245 ## - TITLE STATEMENT | |
| Title | Juice Fasting & Detoxification |
| 260 ## - PUBLICATION, DISTRIBUTION, ETC. (IMPRINT) | |
| Name of publisher, distributor, etc | Sproutman Publicatiom |
| Year of Publication | 1999 |
| 300 ## - PAGE DESCRIPTION | |
| No. of Pages | 154 |
| 653 ## - KEYWORDS--INDEX TERM | |
| Keyword term | Fruit juices- Health aspects |
| 942 ## - ADDED ENTRY ELEMENTS (KOHA) | |
| Source of classification or shelving scheme | Dewey Decimal Classification |
| Koha item type | Books |
| Withdrawn status | Lost status | Source of classification or shelving scheme | Damaged status | Not for loan | Home library | Current library | Date acquired | SGTU | Total Checkouts | Full call number | Accession No. (Barcode) | Date last seen | Bill Date | Koha item type |
|---|---|---|---|---|---|---|---|---|---|---|---|---|---|---|
| Dewey Decimal Classification | SGT Dental Library | SGT Dental Library | 10/06/2026 | SGTU | 613.26 J99M | FD10250 | 10/06/2026 | 10/06/2026 | Books |